Aircraft Powerplants / (Record no. 593549)

000 -LEADER
fixed length control field 00356nam a22001337a 4500
020 ## - INTERNATIONAL STANDARD BOOK NUMBER
International Standard Book Number 9781259835704
082 ## - DEWEY DECIMAL CLASSIFICATION NUMBER
Classification number 629.13435
Author Mark WIL
100 ## - MAIN ENTRY--PERSONAL NAME
Personal name Wild, Thomas W.
9 (RLIN) 83814
245 ## - TITLE STATEMENT
Title Aircraft Powerplants /
Statement of responsibility, etc. Thomas W. Wild
250 ## - EDITION STATEMENT
Edition statement 9th Ed.
260 ## - PUBLICATION, DISTRIBUTION, ETC.
Place of publication, distribution, etc. USA:
Name of publisher, distributor, etc. McGraw Hill Education,
Date of publication, distribution, etc. 2018.
300 ## - PHYSICAL DESCRIPTION
Extent xv,697p.
Other physical details Paperback,
Dimensions 28cm.
942 ## - ADDED ENTRY ELEMENTS (KOHA)
Source of classification or shelving scheme
Koha item type Book
Holdings
Withdrawn status Lost status Source of classification or shelving scheme Damaged status Not for loan Permanent Location Current Location Shelving location Date acquired Total Checkouts Full call number Barcode Date last seen Price effective from Koha item type
          School of Mechanical & Manufacturing Engineering (SMME) School of Mechanical & Manufacturing Engineering (SMME) General Stacks 03/07/2023   629.13435 WIL SMME-3898 03/07/2023 03/07/2023 Book
© 2023 Central Library, National University of Sciences and Technology. All Rights Reserved.